000 00563nam a2200181Ia 4500
005 20250508152440.0
008 008 250505s9999 xx 000 0 eng d
037 _aTextual
040 _aFEDL
_beng
_cFEDL
041 _aeng
_2eng
084 _a310, SEN
_qFEDL
100 _aSenders Virginia L.
_9761510
245 0 _aMeasurement and statistics : A basic text emphasizing behavioral science applications
260 _aNew York, USA
_bOxford University Press
_c1958
300 _axvi,594p.
942 _cTEXL
_h310, SEN
999 _c1336481
_d1336481